000 005120000a22001930004500
001 000339
003 MACL
005 20150821165939.0
008 150821b xxu||||| |||| 00| 0 eng d
040 _aMACL
_cMACL
041 _aEnglish
082 _a614.594/BRI
100 _aBrisco, Paula
_96633
245 _a`Diabetes
_bQuestions You Have Answer You Need
_cPaula Brisco
260 _aNew Delhi
_c1999
_bHarper Collins Publishers,
350 _a50
650 _aPrevention Of disease
_96634
942 _k615
_cBK
_2ddc
999 _c341
_d341